Lógica, proposición y norma /

Guardado en:
Autor Principal: Echave, Delia Teresa
Otros Autores: Urquijo, María Eugenia, Guibourg, Ricardo A.
Formato: Desconocido
Idioma:Spanish
Publicado: Buenos Aires : Astrea, 1999
Edición:5a. reimp.
Series:Filosofía y derecho ; 9
Materias:
Etiquetas: Agregar Etiqueta
Sin Etiquetas, Sea el primero en etiquetar este registro!
LEADER 00786nac a22002295a 4500
001 DER.der015100
008 250203s1999####ag#||||||||||||||#||spa||
005 20250203105904.0
245 1 0 |a Lógica, proposición y norma /  |c Delia Teresa Echave, María Eugenia Urquijo, Ricardo A. Guibourg. 
250 |a 5a. reimp. 
260 |a Buenos Aires :  |b Astrea,  |c 1999 
300 |a 165 p. 
490 1 |a Filosofía y derecho ;  |v 9 
020 |a 9505080719 
100 1 |a Echave, Delia Teresa 
700 1 |a Urquijo, María Eugenia 
700 1 |a Guibourg, Ricardo A. 
650 7 |a INTRODUCCION AL DERECHO 
650 7 |a FILOSOFIA DEL DERECHO 
859 |a DERECHO  |b BIB. DERECHO  |h 340.1  |i ECH  |p 000362 
859 |a DERECHO  |b BIB. DERECHO  |h 340.1  |i ECH  |p 000363  |t 1 
859 |a DERECHO  |b BIB. DERECHO  |h 340.1  |i ECH  |p 000364  |t 2